10 największych miast według województwa - Statystyki

Ogólne statystyki
  • Ten quiz został rozwiązany 24 razy
  • Średni wynik to 79 z 160
Statystyki odpowiedzi
Województwo # Miasto Populacja
(tys.)
% Poprawnych
Dolnośląskie 1 Wrocław 673
100%
Kujawsko-pomorskie 2 Toruń 195
94%
Kujawsko-pomorskie 1 Bydgoszcz 328
89%
Lubuskie 2 Gorzów Wielkopolski 115
89%
Dolnośląskie 3 Legnica 91
89%
Łódzkie 1 Łódź 658
89%
Dolnośląskie 2 Wałbrzych 99
89%
Podlaskie 1 Białystok 291
83%
Pomorskie 1 Gdańsk 487
83%
Pomorskie 2 Gdynia 240
83%
Małopolskie 1 Kraków 806
83%
Lubelskie 1 Lublin 329
83%
Opolskie 1 Opole 126
83%
Podlaskie 2 Suwałki 68
83%
Lubuskie 1 Zielona Góra 139
83%
Kujawsko-pomorskie 4 Grudziądz 89
78%
Dolnośląskie 4 Jelenia Góra 74
78%
Dolnośląskie 5 Lubin 67
78%
Mazowieckie 2 Radom 196
78%
Mazowieckie 1 Warszawa 1 861
78%
Kujawsko-pomorskie 3 Włocławek 101
78%
Kujawsko-pomorskie 5 Inowrocław 67
72%
Małopolskie 3 Nowy Sącz 80
72%
Łódzkie 2 Piotrków Trybunalski 67
72%
Wielkopolskie 1 Poznań 536
72%
Podkarpackie 1 Rzeszów 197
72%
Zachodniopomorskie 1 Szczecin 387
72%
Dolnośląskie 6 Głogów 61
67%
Śląskie 1 Katowice 279
67%
Zachodniopomorskie 5 Świnoujście 38
67%
Małopolskie 2 Tarnów 103
67%
Lubelskie 2 Zamość 58
67%
Łódzkie 6 Bełchatów 52
61%
Lubelskie 4 Biała Podlaska 54
61%
Lubelskie 3 Chełm 57
61%
Śląskie 2 Częstochowa 205
61%
Wielkopolskie 2 Kalisz 92
61%
Świętokrzyskie 1 Kielce 183
61%
Podkarpackie 5 Krosno 44
61%
Lubuskie 3 Nowa Sól 36
61%
Warmińsko-mazurskie 1 Olsztyn 167
61%
Łódzkie 3 Pabianice 61
61%
Mazowieckie 3 Płock 111
61%
Mazowieckie 5 Pruszków 65
61%
Lubelskie 5 Puławy 43
61%
Świętokrzyskie 5 Sandomierz 21
61%
Dolnośląskie 7 Świdnica 53
61%
Podkarpackie 6 Tarnobrzeg 43
61%
Śląskie 7 Bytom 147
56%
Opolskie 2 Kędzierzyn-Koźle 54
56%
Zachodniopomorskie 2 Koszalin 105
56%
Podlaskie 3 Łomża 59
56%
Pomorskie 10 Malbork 36
56%
Podkarpackie 2 Mielec 56
56%
Opolskie 3 Nysa 40
56%
Dolnośląskie 9 Oleśnica 35
56%
Małopolskie 4 Oświęcim 35
56%
Wielkopolskie 3 Piła 69
56%
Śląskie 6 Zabrze 153
56%
Lubuskie 4 Żary 35
56%
Łódzkie 5 Zgierz 54
56%
Dolnośląskie 8 Bolesławiec 37
50%
Warmińsko-mazurskie 2 Elbląg 112
50%
Warmińsko-mazurskie 3 Ełk 59
50%
Śląskie 4 Gliwice 169
50%
Wielkopolskie 6 Gniezno 63
50%
Zachodniopomorskie 4 Kołobrzeg 43
50%
Wielkopolskie 5 Konin 66
50%
Wielkopolskie 7 Leszno 59
50%
Małopolskie 6 Nowy Targ 33
50%
Mazowieckie 8 Ostrołęka 48
50%
Mazowieckie 10 Otwock 43
50%
Podkarpackie 3 Przemyśl 56
50%
Śląskie 8 Rybnik 130
50%
Podkarpackie 9 Sanok 34
50%
Mazowieckie 4 Siedlce 75
50%
Łódzkie 10 Sieradz 39
50%
Łódzkie 7 Skierniewice 45
50%
Śląskie 3 Sosnowiec 187
50%
Małopolskie 9 Wieliczka 27
50%
Podlaskie 4 Augustów 28
44%
Śląskie 5 Bielsko-Biała 165
44%
Kujawsko-pomorskie 6 Brodnica 28
44%
Opolskie 4 Brzeg 33
44%
Pomorskie 8 Chojnice 38
44%
Podlaskie 8 Hajnówka 18
44%
Podkarpackie 8 Jarosław 35
44%
Podkarpackie 10 Jasło 32
44%
Opolskie 5 Kluczbork 22
44%
Lubuskie 7 Kostrzyn nad Odrą 17
44%
Lubelskie 7 Kraśnik 31
44%
Mazowieckie 6 Legionowo 52
44%
Lubuskie 8 Międzyrzecz 16
44%
Kujawsko-pomorskie 9 Nakło nad Notecią 17
44%
Małopolskie 7 Olkusz 32
44%
Świętokrzyskie 2 Ostrowiec Świętokrzyski 62
44%
Mazowieckie 7 Piaseczno 51
44%
Lubuskie 9 Słubice 16
44%
Pomorskie 3 Słupsk 85
44%
Podkarpackie 4 Stalowa Wola 55
44%
Kujawsko-pomorskie 7 Świecie 24
44%
Pomorskie 4 Tczew 56
44%
Łódzkie 4 Tomaszów Mazowiecki 58
44%
Śląskie 10 Tychy 122
44%
Małopolskie 8 Bochnia 28
39%
Kujawsko-pomorskie 8 Chełmno 18
39%
Małopolskie 5 Chrzanów 33
39%
Podkarpackie 7 Dębica 42
39%
Małopolskie 10 Gorlice 25
39%
Warmińsko-mazurskie 4 Iława 32
39%
Świętokrzyskie 8 Jędrzejów 14
39%
Lubelskie 8 Łuków 27
39%
Dolnośląskie 10 Oława 33
39%
Wielkopolskie 4 Ostrów Wielkopolski 68
39%
Śląskie 9 Ruda Śląska 130
39%
Pomorskie 5 Rumia 53
39%
Świętokrzyskie 4 Skarżysko-Kamienna 41
39%
Zachodniopomorskie 3 Stargard 66
39%
Pomorskie 7 Starogard Gdański 45
39%
Lubelskie 6 Świdnik 36
39%
Lubuskie 6 Świebodzin 20
39%
Pomorskie 6 Wejherowo 45
39%
Mazowieckie 9 Ząbki 45
39%
Lubuskie 5 Żagań 23
39%
Podlaskie 5 Bielsk Podlaski 23
33%
Łódzkie 9 Kutno 41
33%
Pomorskie 9 Kwidzyn 36
33%
Podlaskie 10 Łapy 14
33%
Łódzkie 8 Radomsko 43
33%
Świętokrzyskie 3 Starachowice 44
33%
Podlaskie 7 Zambrów 20
33%
Lubelskie 9 Biłgoraj 24
28%
Warmińsko-mazurskie 6 Giżycko 27
28%
Lubuskie 10 Gubin 15
28%
Opolskie 9 Krapkowice 15
28%
Lubelskie 10 Lubartów 19
28%
Warmińsko-mazurskie 10 Mragowo 20
28%
Opolskie 8 Namysłów 16
28%
Kujawsko-pomorskie 10 Rypin 15
28%
Opolskie 7 Strzelce Opolskie 16
28%
Warmińsko-mazurskie 8 Szczytno 21
28%
Warmińsko-mazurskie 9 Bartoszyce 21
22%
Opolskie 10 Głuchołazy 12
22%
Zachodniopomorskie 10 Goleniów 21
22%
Podlaskie 6 Grajewo 20
22%
Warmińsko-mazurskie 7 Kętrzyn 25
22%
Świętokrzyskie 6 Końskie 17
22%
Wielkopolskie 10 Krotoszyn 28
22%
Warmińsko-mazurskie 5 Ostróda 31
22%
Świętokrzyskie 10 Pińczów 9
22%
Zachodniopomorskie 7 Police 30
22%
Opolskie 6 Prudnik 18
22%
Świętokrzyskie 9 Staszów 13
22%
Wielkopolskie 9 Września 31
22%
Świętokrzyskie 7 Busko-Zdrój 14
17%
Podlaskie 9 Sokółka 17
17%
Zachodniopomorskie 6 Szczecinek 37
17%
Zachodniopomorskie 8 Wałcz 23
17%
Zachodniopomorskie 9 Białogard 22
11%
Wielkopolskie 8 Luboń 32
11%
Nie znaleziono quizów pasujących do podanych kryteriów
Rozkład punktacji
Procent ludzi z każdym wynikiem
Percentyl według liczby udzielonych odpowiedzi
Twoja historia wyników
Nie rozwiązałeś tego quizu